000 00971nam0a22002531 4500
001 rc\2676061
005 20230511160004.0
035 _a(NLR Aleph) 006804508
090 _a6278406
_c6278406
100 _a20110915d1932 |||y0rusy50 ca
101 1 _arus
_ceng
102 _aRU
105 _aa g |||||
200 1 _aСправочная книга по горному делу
_eМетоды разработки рудных месторождений
_fРоберт Пиль
_gПер. с англ. гор. инж. М. И. Агошкова
_gДальневост. горный ин-т
210 _aВладивосток
_c1 типо-лит. Дальполиграфтреста
_d1932
215 _a526, [2] с.
_cтабл., черт.
_d17 см.
700 1 _aПиль
_bР.
_gРоберт
702 1 _aАгошков
_bМ. И.
_4730
801 0 _aRU
_bNLR
_gpsbo
801 1 _aRU
_bELAR
_2rusmarc
852 _aNLR
_j33-2/1023
942 _cBOOK
980 _aNB